00343nam a22001097a 4500008004100000020001800041082001100059100005300070245004900123260005200172300000900224260530b |||||||| |||| 00| 0 eng d a9789381275313 a001921 aRanganatha V Ganachari and Venkatesha N Kulkarni aGurusammatpadaratha: Kaumarilamtopanyasarcha aBangalorebPoorna Prajna Samshodhan Trustc2013 a136p